Traffic accidents / (Record no. 58172)
[ view plain ]
| 000 -LEADER | |
|---|---|
| fixed length control field | 00703cam0a220022900 4500 |
| 001 - CONTROL NUMBER | |
| control field | qce01232449 |
| 005 - DATE AND TIME OF LATEST TRANSACTION | |
| control field | 20190815093449.0 |
| 008 - FIXED-LENGTH DATA ELEMENTS--GENERAL INFORMATION | |
| fixed length control field | 761213s1954 ilu 001 0 eng |
| 010 ## - LIBRARY OF CONGRESS CONTROL NUMBER | |
| LC control number | 54001111 /L |
| 035 ## - SYSTEM CONTROL NUMBER | |
| System control number | (Sirsi) r118855 |
| 035 ## - SYSTEM CONTROL NUMBER | |
| System control number | (QCAT)lss01440284 |
| 035 ## - SYSTEM CONTROL NUMBER | |
| System control number | (UPRA)qce01232449 |
| 040 ## - CATALOGING SOURCE | |
| Modifying agency | UPRA |
| 050 0# - LIBRARY OF CONGRESS CALL NUMBER | |
| Classification number | HE5620.A3 |
| Item number | W5 |
| 082 ## - DEWEY DECIMAL CLASSIFICATION NUMBER | |
| Classification number | 614.862 |
| 100 1# - MAIN ENTRY--PERSONAL NAME | |
| Personal name | Williams, Charles Augustus, 1904- |
| Dates associated with a name | Williams, Charles Augustus, 1904- |
| Linkage | A84139.1 |
| 245 10 - TITLE STATEMENT | |
| Title | Traffic accidents / |
| Statement of responsibility, etc. | [by] Charles A. Williams. |
| 260 ## - PUBLICATION, DISTRIBUTION, ETC. | |
| Place of publication, distribution, etc. | Springfield, IL : |
| Name of publisher, distributor, etc. | Thomas, |
| Date of publication, distribution, etc. | [c1954] |
| 650 #0 - SUBJECT ADDED ENTRY--TOPICAL TERM | |
| Topical term or geographic name entry element | Traffic accidents. |
| Linkage | S34009.1 |
| 949 ## - LOCAL PROCESSING INFORMATION (OCLC) | |
| a | HE5620.A3 |
| w | lcc |
| i | -171104 |
| m | MAIN |
| t | BOOK |
| l | ON-SHELF |
No items available.